<?xml version="1.0" encoding="UTF-8"?><?xml-stylesheet type="text/xsl" href="static/style.xsl"?><OAI-PMH xmlns="http://www.openarchives.org/OAI/2.0/" xmlns:xsi="http://www.w3.org/2001/XMLSchema-instance" xsi:schemaLocation="http://www.openarchives.org/OAI/2.0/ http://www.openarchives.org/OAI/2.0/OAI-PMH.xsd"><responseDate>2026-04-18T13:52:33Z</responseDate><request verb="GetRecord" identifier="oai:riubu.ubu.es:10259/5359" metadataPrefix="marc">https://riubu.ubu.es/oai/request</request><GetRecord><record><header><identifier>oai:riubu.ubu.es:10259/5359</identifier><datestamp>2022-04-08T11:11:01Z</datestamp><setSpec>com_10259_2699</setSpec><setSpec>col_10259_2701</setSpec></header><metadata><record xmlns="http://www.loc.gov/MARC21/slim" xmlns:doc="http://www.lyncode.com/xoai" xmlns:xsi="http://www.w3.org/2001/XMLSchema-instance" xmlns:dcterms="http://purl.org/dc/terms/" xsi:schemaLocation="http://www.loc.gov/MARC21/slim http://www.loc.gov/standards/marcxml/schema/MARC21slim.xsd">
<leader>00925njm 22002777a 4500</leader>
<datafield tag="042" ind1=" " ind2=" ">
<subfield code="a">dc</subfield>
</datafield>
<datafield tag="720" ind1=" " ind2=" ">
<subfield code="a">Pascual Maté, Ana</subfield>
<subfield code="e">author</subfield>
</datafield>
<datafield tag="260" ind1=" " ind2=" ">
<subfield code="c">2016</subfield>
</datafield>
<datafield tag="520" ind1=" " ind2=" ">
<subfield code="a">La evaluación de la autenticidad de las mieles locales es una necesidad cada vez mayor, con el objetivo de revalorizar los productos de cada region, garantizando su calidad. El propósito de la presente Tesis Doctoral ha sido la caracterización de mieles de diferentes orígenes botánicos producidas en Castilla y León (España), en función de su análisis melisopalinológico, sensorial y de sus parámetros fisicoquímicos, destacando el perfil de azúcares y compuestos fenólicos, diferentes parámetros relacionados con la capacidad antioxidante y la evaluación de la actividad antibacteriana. También se llevó a cabo una revisión exhaustiva de la bibliografía, así como una revisión crítica y una puesta a punto del método de análisis de flavonoides totales, de la capacidad antioxidante equivalente de trolox (TEAC) y de la actividad antibacteriana contra Staphylococcus aureus.</subfield>
</datafield>
<datafield tag="520" ind1=" " ind2=" ">
<subfield code="a">To guarantee product quality, assessing the authenticity of local honeys carrying out extensive honey compositional analyses, is a growing necessity for revaluing the products of each region. The purpose of the present PhD Thesis has been to characterize honeys of different botanical origins from Castilla y León (North-Central Spain) on the basis of their mellisopalinology, sensory and physicochemical parameters, including sugars’ and phenolic compounds’ profiles, different antioxidant-related parameters and antimicrobial analysis. A thorough review of the literature, as well as a critical review and set up of total flavonoids, trolox equivalent antioxidant capacity (TEAC) and antibacterial activity against Staphylococcus aureus were also done.</subfield>
</datafield>
<datafield tag="024" ind2=" " ind1="8">
<subfield code="a">http://hdl.handle.net/10259/5359</subfield>
</datafield>
<datafield tag="024" ind2=" " ind1="8">
<subfield code="a">10.36443/10259/5359</subfield>
</datafield>
<datafield ind1=" " ind2=" " tag="653">
<subfield code="a">Miel</subfield>
</datafield>
<datafield ind1=" " ind2=" " tag="653">
<subfield code="a">Caracterización</subfield>
</datafield>
<datafield ind1=" " ind2=" " tag="653">
<subfield code="a">Análisis</subfield>
</datafield>
<datafield ind1=" " ind2=" " tag="653">
<subfield code="a">Antioxidantes</subfield>
</datafield>
<datafield ind1=" " ind2=" " tag="653">
<subfield code="a">Atividad antibacteriana</subfield>
</datafield>
<datafield ind1=" " ind2=" " tag="653">
<subfield code="a">Honey</subfield>
</datafield>
<datafield ind1=" " ind2=" " tag="653">
<subfield code="a">Characterization</subfield>
</datafield>
<datafield ind1=" " ind2=" " tag="653">
<subfield code="a">Analysis</subfield>
</datafield>
<datafield ind1=" " ind2=" " tag="653">
<subfield code="a">Antioxidants</subfield>
</datafield>
<datafield ind1=" " ind2=" " tag="653">
<subfield code="a">Antibacterial activity</subfield>
</datafield>
<datafield tag="245" ind1="0" ind2="0">
<subfield code="a">Characterization of artisanal honeys from Castilla y León (Spain)</subfield>
</datafield>
</record></metadata></record></GetRecord></OAI-PMH>